[Event "Col Ch "]
[Site "Ibague "]
[Date "2013.07.02"]
[Round "3.54"]
[White "Castaneda, Victor"]
[Black "Barros, Raul"]
[Result "1-0"]
[WhiteElo "1876"]
[BlackElo "2019"]
[PlyCount "91"]
[EventDate "2013.07.01"]
[EventType "swiss"]
[EventRounds "11"]
[EventCountry "COL"]
[SourceDate "2005.09.12"]

1. d4 c5 2. d5 e5 3. c4 d6 4. Nc3 a6 5. e4 Ne7 6. Bd3 Nd7 7. Nge2 g6 8. O-O Bg7
9. Qc2 O-O 10. Bg5 h6 11. Bxe7 Qxe7 12. Rae1 Nf6 13. Qd2 Bd7 14. b3 Rae8 15. a3
Nh5 16. b4 b6 17. Rb1 Rb8 18. Rb3 Ra8 19. Rfb1 Ra7 20. bxc5 bxc5 21. Rb6 Rc8
22. Bc2 Rcc7 23. Ba4 Bf8 24. Bxd7 Qxd7 25. Qc2 Nf6 26. f3 Kg7 27. Qa4 Qc8 28.
Rb8 Qd7 29. Qxd7 Nxd7 30. R8b3 Be7 31. Nc1 Bg5 32. Kf2 Kf8 33. R3b2 Ke7 34. Nb3
Kf8 35. Na5 Kg7 36. Nc6 Ra8 37. a4 h5 38. Rb7 Rxb7 39. Rxb7 Nf8 40. a5 Bd2 41.
Na4 Kf6 42. Nb6 Re8 43. Ra7 Bc3 44. Rxa6 Kg7 45. Ra7 g5 46. a6 1-0

[Event "Col Ch "]
[Site "Ibague "]
[Date "2013.07.02"]
[Round "3.55"]
[White "Arias, Juan Diego"]
[Black "Salcedo, Pablo Esteban"]
[Result "0-1"]
[WhiteElo "2016"]
[BlackElo "1869"]
[PlyCount "68"]
[EventDate "2013.07.01"]
[EventType "swiss"]
[EventRounds "11"]
[EventCountry "COL"]
[SourceDate "2005.09.12"]

1. g3 Nc6 2. Bg2 Nf6 3. c4 e5 4. Nc3 a5 5. e3 Bc5 6. Nge2 O-O 7. O-O d6 8. d4
Bb6 9. a3 Bg4 10. Qd3 Re8 11. d5 e4 12. Qc2 Ne5 13. b3 Nf3+ 14. Kh1 Qd7 15. Bb2
Qf5 16. Nf4 g5 17. Nfe2 Qg6 18. Ng1 Qh6 19. Bxf3 exf3 20. Rfe1 Qh5 21. Qd1 Re7
22. b4 Rae8 23. Bc1 Bd4 24. Qxd4 Bh3 25. Nge2 fxe2 26. Qxf6 Re6 27. dxe6 Rxe6
28. Ne4 Rxe4 29. Bb2 Kf8 30. Qh8+ Ke7 31. Qf6+ Kd7 32. f3 Rf4 33. g4 Qh4 34.
Qc3 Qf2 0-1

[Event "Col Ch "]
[Site "Ibague "]
[Date "2013.07.02"]
[Round "3.56"]
[White "Corpus Vanegas, Eugenio Miguel"]
[Black "Martinez, Mauricio"]
[Result "0-1"]
[WhiteElo "1848"]
[BlackElo "2010"]
[PlyCount "110"]
[EventDate "2013.07.01"]
[EventType "swiss"]
[EventRounds "11"]
[EventCountry "COL"]
[SourceDate "2005.09.12"]

1. e4 e5 2. d4 Nc6 3. d5 Nb8 4. Bd3 Bc5 5. Ne2 Ne7 6. Be3 Bxe3 7. fxe3 Ng6 8.
O-O Qg5 9. Rf3 O-O 10. Rg3 Qe7 11. Nd2 d6 12. Qf1 Nd7 13. c4 Nf6 14. h3 Nh5 15.
Qf2 Nxg3 16. Nxg3 Nh4 17. Rf1 g6 18. Nf5 gxf5 19. exf5 Qg5 20. Ne4 Qxg2+ 21.
Qxg2+ Nxg2 22. Kxg2 f6 23. Ng3 Kf7 24. h4 Bd7 25. h5 Rg8 26. Kf3 Rg5 27. Rh1
Rag8 28. Rh3 Ke7 29. h6 c6 30. e4 a6 31. a4 cxd5 32. a5 dxe4+ 33. Bxe4 Bc6 34.
Nh5 Rxf5+ 35. Ke3 Bxe4 36. Kxe4 Rfg5 37. Ng7 Rg4+ 38. Kd3 R8xg7 39. hxg7 Rxg7
40. b4 Ke6 41. Kc3 f5 42. b5 axb5 43. cxb5 Kd5 44. Kb4 Kd4 45. a6 bxa6 46. bxa6
f4 47. Ka5 e4 48. Rb3 Ra7 49. Rb6 d5 50. Kb4 f3 51. Rf6 h5 52. Kb3 Kd3 53. Kb2
Ke2 54. Rc6 f2 55. Rc2+ Kf3 0-1

[Event "Col Ch "]
[Site "Ibague "]
[Date "2013.07.02"]
[Round "3.58"]
[White "Torres, Augusto"]
[Black "Garces, Javier"]
[Result "0-1"]
[WhiteElo "1812"]
[BlackElo "2001"]
[PlyCount "124"]
[EventDate "2013.07.01"]
[EventType "swiss"]
[EventRounds "11"]
[EventCountry "COL"]
[SourceDate "2005.09.12"]

1. Nf3 d5 2. g3 Nf6 3. Bg2 Bf5 4. d4 e6 5. O-O Bd6 6. c4 c6 7. Nc3 Nbd7 8. Nh4
Bg6 9. c5 Bc7 10. Nxg6 hxg6 11. Bg5 Nf8 12. Qd2 Qd7 13. Bf4 N8h7 14. e4 Nxe4
15. Bxe4 dxe4 16. Nxe4 Nf6 17. Bxc7 Nxe4 18. Qf4 Qd5 19. Qe5 Nf6 20. Qxd5 Nxd5
21. Bd6 Kd7 22. a3 Rh7 23. h4 Rah8 24. Kg2 Rh5 25. Rh1 a6 26. Rae1 Ne7 27. Bxe7
Kxe7 28. Kf3 g5 29. Re5 f6 30. Re4 f5 31. Re5 gxh4 32. Rhe1 R8h6 33. g4 fxg4+
34. Kxg4 Rxe5 35. dxe5 Kf7 36. Rh1 Kg6 37. Rh3 Rh8 38. b4 Rd8 39. f4 Rd1 40.
Rxh4 Rg1+ 41. Kf3 Ra1 42. Rg4+ Kf7 43. f5 Rxa3+ 44. Kf4 exf5 45. Kxf5 Rf3+ 46.
Ke4 Rb3 47. Kf5 g6+ 48. Kg5 Ke6 49. Kxg6 Kxe5 50. Kf7 Rf3+ 51. Ke7 Rd3 52. Rg5+
Kf4 53. Rg8 Rd4 54. Rh8 Ke3 55. Rb8 Rxb4 56. Kd6 Kd4 57. Rh8 a5 58. Kc7 a4 59.
Rh5 a3 60. Rh3 a2 61. Ra3 Rb2 62. Ra5 Kd5 0-1

[Event "Col Ch "]
[Site "Ibague "]
[Date "2013.07.02"]
[Round "3.59"]
[White "Tirado, Juan Camilo"]
[Black "Cadavid, Juan Miguel"]
[Result "1-0"]
[WhiteElo "2001"]
[BlackElo "1862"]
[PlyCount "37"]
[EventDate "2013.07.01"]
[EventType "swiss"]
[EventRounds "11"]
[EventCountry "COL"]
[SourceDate "2005.09.12"]

1. e4 c5 2. c3 Nf6 3. e5 Nd5 4. d4 cxd4 5. cxd4 Nc6 6. Nf3 e6 7. Bc4 Nb6 8. Bb3
d6 9. Qe2 dxe5 10. dxe5 Bc5 11. O-O O-O 12. Rd1 Qc7 13. Nc3 Rd8 14. Bg5 Rxd1+
15. Rxd1 a6 16. Bc2 Nb4 17. Rd8+ Bf8 18. Bxh7+ Kxh7 19. Rxf8 1-0

[Event "Col Ch "]
[Site "Ibague "]
[Date "2013.07.02"]
[Round "3.60"]
[White "Manrique, Fernando"]
[Black "Arismendi Polanco, Efrain Stev"]
[Result "0-1"]
[WhiteElo "1991"]
[BlackElo "1805"]
[PlyCount "82"]
[EventDate "2013.07.01"]
[EventType "swiss"]
[EventRounds "11"]
[EventCountry "COL"]
[SourceDate "2005.09.12"]

1. e4 c5 2. Nf3 d6 3. d4 cxd4 4. Nxd4 Nf6 5. Nc3 g6 6. f4 Nbd7 7. Bb5 Qc7 8.
Qe2 a6 9. Bc4 Bg7 10. O-O O-O 11. Be3 Nc5 12. Bd3 Ng4 13. Nd5 Qd8 14. c3 e6 15.
Nb4 a5 16. Nbc2 Nf6 17. Bf2 e5 18. Nb5 Bg4 19. Qd2 Nfxe4 20. Bxe4 Nxe4 21. Qd5
Bf5 22. Be3 Nxc3 23. bxc3 Bxc2 24. Rac1 Bf5 25. Nxd6 Be6 26. Qd2 Qc7 27. f5
Rfd8 28. fxe6 Rxd6 29. exf7+ Kh8 30. Qb2 Rf8 31. Qb5 Rf6 32. Rxf6 Bxf6 33. Bb6
Qxf7 34. Qxa5 e4 35. Rf1 Kg8 36. Be3 Qc4 37. Qb6 Qxf1+ 38. Kxf1 Bd8+ 39. Ke2
Bxb6 40. Bxb6 Ra8 41. Ke3 Rxa2 0-1

[Event "Col Ch "]
[Site "Ibague "]
[Date "2013.07.02"]
[Round "3.61"]
[White "Cardozo, Carlos Eduardo"]
[Black "Cuervo, Alexander"]
[Result "1-0"]
[WhiteElo "1990"]
[BlackElo "1801"]
[PlyCount "89"]
[EventDate "2013.07.01"]
[EventType "swiss"]
[EventRounds "11"]
[EventCountry "COL"]
[SourceDate "2005.09.12"]

1. d4 Nf6 2. e3 d5 3. Bd3 Bg4 4. Nf3 Nbd7 5. h3 Bh5 6. g4 Bg6 7. b3 e6 8. Bb2
Ne4 9. h4 f5 10. Bxe4 fxe4 11. Ne5 Nxe5 12. dxe5 Be7 13. h5 Bf7 14. Qe2 c6 15.
Nd2 h6 16. O-O-O Qa5 17. Kb1 O-O-O 18. f3 exf3 19. Nxf3 Rhf8 20. Rd4 Qb6 21.
Rf4 Bg8 22. Rf1 Rxf4 23. exf4 Rf8 24. Nd4 c5 25. Nb5 a6 26. Nc3 d4 27. Ne4 Bh7
28. Nd2 Kb8 29. a4 Rd8 30. f5 exf5 31. gxf5 Rf8 32. Qg4 Qd8 33. Ka2 Bg5 34. Ne4
Be7 35. Ba3 c4 36. Nd6 cxb3+ 37. cxb3 Ka8 38. Qxd4 Bxd6 39. exd6 Qd7 40. Rc1
Qxf5 41. Qxg7 Rg8 42. d7 Rd8 43. Rc8+ Ka7 44. Qg1+ b6 45. Rxd8 1-0

[Event "Col Ch "]
[Site "Ibague "]
[Date "2013.07.02"]
[Round "3.64"]
[White "Acosta Cubides, Jorian Jared"]
[Black "Escobar, Cesar"]
[Result "0-1"]
[WhiteElo "1971"]
[BlackElo "1742"]
[PlyCount "112"]
[EventDate "2013.07.01"]
[EventType "swiss"]
[EventRounds "11"]
[EventCountry "COL"]
[SourceDate "2005.09.12"]

1. e4 c6 2. d4 d5 3. Nc3 dxe4 4. Nxe4 Bf5 5. Ng3 Bg6 6. Nf3 Nd7 7. h4 h6 8. h5
Bh7 9. Bd3 Bxd3 10. Qxd3 e6 11. Bd2 Ngf6 12. O-O-O Qc7 13. Qe2 O-O-O 14. c4 c5
15. Bc3 Kb8 16. Ne5 Nb6 17. dxc5 Bxc5 18. Kb1 Ka8 19. Rc1 Na4 20. Nd3 Nxc3+ 21.
Rxc3 Bd4 22. Rc2 Rd6 23. Nc1 Ra6 24. Rd1 Be5 25. Ne4 Nxe4 26. Qxe4 Rc8 27. Nb3
Ra4 28. Rdc1 Bf4 29. Nd2 Bg5 30. b3 Ra6 31. Rf1 f5 32. Qe2 Qc5 33. Nf3 Bf6 34.
Rd1 Qa3 35. Rd3 Rb6 36. Qd2 e5 37. Rd5 e4 38. Nd4 f4 39. Nb5 Qe7 40. Qxf4 a6
41. Qe3 Qe6 42. Rd6 Qe5 43. Rxf6 Qxf6 44. Nd4 Rd6 45. Ne2 Rd1+ 46. Rc1 Rxc1+
47. Nxc1 Qf5 48. Ne2 Qxh5 49. Ng3 Qd1+ 50. Kb2 Rd8 51. Nxe4 Qd4+ 52. Qxd4 Rxd4
53. f3 Rd1 54. Kc3 Rg1 55. g3 h5 56. a4 g5 0-1

[Event "Col Ch "]
[Site "Ibague "]
[Date "2013.07.02"]
[Round "3.65"]
[White "Sanchez Lopez, Luis Antonio"]
[Black "Martinez, Jorge Alexander"]
[Result "0-1"]
[WhiteElo "1642"]
[BlackElo "2189"]
[PlyCount "72"]
[EventDate "2013.07.01"]
[EventType "swiss"]
[EventRounds "11"]
[EventCountry "COL"]
[SourceDate "2005.09.12"]

1. e4 c5 2. Nf3 e6 3. d4 cxd4 4. Nxd4 a6 5. Nc3 Qc7 6. Bd3 b5 7. a3 Bb7 8. O-O
Nf6 9. Qf3 d6 10. Qg3 Nbd7 11. Be3 h5 12. f3 Nc5 13. Nde2 h4 14. Qf2 d5 15. Bf4
e5 16. Bg5 Nxd3 17. cxd3 Bc5 18. d4 exd4 19. Nxd4 dxe4 20. Be3 Bd6 21. f4 Ng4
22. Qe2 Nxe3 23. Qxe3 O-O 24. b4 Qb6 25. Nf5 Qxe3+ 26. Nxe3 Rfe8 27. Nf5 Bc7
28. Nxh4 Bb6+ 29. Kh1 g6 30. Rad1 Rad8 31. Ne2 Rxd1 32. Rxd1 Bf2 33. g3 e3+ 34.
Ng2 Bf3 35. Nc3 e2 36. Nxe2 Rxe2 0-1

[Event "Col Ch "]
[Site "Ibague "]
[Date "2013.07.02"]
[Round "3.66"]
[White "Ricciulli Vargas, Roberth Elie"]
[Black "Perez Pineda, Elkin Dario"]
[Result "0-1"]
[WhiteElo "1762"]
[BlackElo "2159"]
[PlyCount "45"]
[EventDate "2013.07.01"]
[EventType "swiss"]
[EventRounds "11"]
[EventCountry "COL"]
[SourceDate "2005.09.12"]

1. e4 e5 2. Nf3 Nc6 3. d4 exd4 4. Bc4 Bc5 5. c3 d3 6. Ng5 Nh6 7. Nxf7 Qf6 8.
O-O Nxf7 9. a4 a5 10. Be3 d6 11. Bxc5 dxc5 12. Bxf7+ Qxf7 13. Qxd3 Be6 14. Qb5
Bc4 15. Qxb7 O-O 16. Qxc6 Bxf1 17. f3 Bxg2 18. Qd5 Qxd5 19. exd5 Bxf3 20. c4
Rae8 21. Nc3 Bg4 22. Nb5 Bh3 23. Nxc7 0-1

[Event "Col Ch "]
[Site "Ibague "]
[Date "2013.07.02"]
[Round "3.67"]
[White "Marin, Alejandro"]
[Black "Sosa Florez, Luis Felipe"]
[Result "1-0"]
[WhiteElo "1923"]
[BlackElo "1738"]
[PlyCount "49"]
[EventDate "2013.07.01"]
[EventType "swiss"]
[EventRounds "11"]
[EventCountry "COL"]
[SourceDate "2005.09.12"]

1. e4 c5 2. Nf3 d6 3. d4 cxd4 4. Nxd4 Nf6 5. f3 a6 6. c4 e5 7. Nc2 Nc6 8. Be3
Be6 9. Nc3 Be7 10. Qd2 b6 11. Be2 Nd7 12. O-O O-O 13. Rac1 Qb8 14. Rfd1 Rc8 15.
b3 Nc5 16. Nd5 Bxd5 17. cxd5 Nd8 18. Nb4 a5 19. Nd3 Ndb7 20. Nb2 Nd8 21. Bb5
Ra7 22. Rc3 Rac7 23. Rdc1 h6 24. Nc4 Kh7 25. a3 1-0

[Event "Col Ch "]
[Site "Ibague "]
[Date "2013.07.02"]
[Round "3.68"]
[White "Ortiz, Jairo"]
[Black "Parra, Diego Alexander"]
[Result "1/2-1/2"]
[WhiteElo "1725"]
[BlackElo "1922"]
[PlyCount "57"]
[EventDate "2013.07.01"]
[EventType "swiss"]
[EventRounds "11"]
[EventCountry "COL"]
[SourceDate "2005.09.12"]

1. d4 Nf6 2. c4 g6 3. Nf3 Bg7 4. Nc3 d6 5. e4 O-O 6. Bg5 c5 7. d5 Qa5 8. Qd2 e6
9. Nb5 Qb6 10. Bxf6 Bxf6 11. dxe6 Bxe6 12. Qxd6 Qxd6 13. Nxd6 Bxb2 14. Rd1 Nc6
15. Nxb7 Bc3+ 16. Nd2 Bb4 17. f4 Nd4 18. Bd3 Bg4 19. Rb1 f6 20. h3 Be6 21. Kd1
Rf7 22. Nd6 Re7 23. Rf1 Rd8 24. e5 fxe5 25. fxe5 Nc6 26. N2e4 Nxe5 27. Be2 Bxc4
28. Rf2 Bxe2+ 29. Rxe2 1/2-1/2

[Event "Col Ch "]
[Site "Ibague "]
[Date "2013.07.02"]
[Round "3.69"]
[White "Ordonez Gonzalez, Gabriel"]
[Black "Figueroa Salcedo, Reinaldo Ar"]
[Result "1-0"]
[WhiteElo "1909"]
[BlackElo "1717"]
[PlyCount "75"]
[EventDate "2013.07.01"]
[EventType "swiss"]
[EventRounds "11"]
[EventCountry "COL"]
[SourceDate "2005.09.12"]

1. c4 Nf6 2. g3 e5 3. Bg2 Bc5 4. d3 Bb4+ 5. Nd2 d5 6. cxd5 Nxd5 7. Ngf3 Nc6 8.
O-O Bxd2 9. Bxd2 O-O 10. a3 Kh8 11. b4 a6 12. Qb3 Be6 13. Qb2 Qd6 14. Rac1 f6
15. Rfd1 Nb6 16. Be3 Qd5 17. Nd2 Qd7 18. Bxc6 bxc6 19. Qc2 Bd5 20. Nf3 Qe6 21.
Rb1 Qg4 22. Ne1 e4 23. Bf4 Rae8 24. f3 exf3 25. e4 g5 26. Bxc7 Rxe4 27. dxe4
Bxe4 28. Qf2 Bxb1 29. Bxb6 Be4 30. Rd8 Rxd8 31. Bxd8 f5 32. Bb6 Qh5 33. Bc5 g4
34. Qd4+ Kg8 35. Qd8+ Kg7 36. Qe7+ Kg6 37. Qe8+ Kg5 38. Be3+ 1-0

[Event "Col Ch "]
[Site "Ibague "]
[Date "2013.07.02"]
[Round "3.73"]
[White "Jaramillo, Daniel Alejandro"]
[Black "Lora, Joel Fernando"]
[Result "0-1"]
[WhiteElo "1693"]
[BlackElo "2151"]
[PlyCount "34"]
[EventDate "2013.07.01"]
[EventType "swiss"]
[EventRounds "11"]
[EventCountry "COL"]
[SourceDate "2005.09.12"]

1. d4 Nf6 2. Nf3 e6 3. Bf4 c5 4. e3 Qb6 5. Qc1 Nc6 6. c3 d5 7. Nbd2 Bd7 8. Bd3
Rc8 9. Rb1 Na5 10. Qd1 cxd4 11. exd4 Bb5 12. Qe2 Bxd3 13. Qxd3 Nc4 14. Nxc4
dxc4 15. Qe2 Nd5 16. Bg3 Nxc3 17. Qc2 Nxb1 0-1

[Event "Col Ch "]
[Site "Ibague "]
[Date "2013.07.02"]
[Round "3.74"]
[White "Piraquive, Alberto"]
[Black "O Neil, Donovan"]
[Result "1-0"]
[WhiteElo "1945"]
[BlackElo "1692"]
[PlyCount "37"]
[EventDate "2013.07.01"]
[EventType "swiss"]
[EventRounds "11"]
[EventCountry "COL"]
[SourceDate "2005.09.12"]

1. e4 e5 2. Nf3 Nc6 3. Bb5 Nge7 4. O-O a6 5. Ba4 b5 6. Bb3 Na5 7. Nxe5 Nxb3 8.
axb3 Bb7 9. d3 f6 10. Nf3 Ng6 11. Nc3 c6 12. Re1 Be7 13. Nd4 O-O 14. Nf5 Bc5
15. Be3 Bxe3 16. Rxe3 d6 17. Rh3 h6 18. Qg4 Qe8 19. Nxd6 1-0

[Event "Col Ch "]
[Site "Ibague "]
[Date "2013.07.02"]
[Round "3.75"]
[White "Trujillo, Luis Angel"]
[Black "Gomez, Jorge Leonardo"]
[Result "1/2-1/2"]
[WhiteElo "1682"]
[BlackElo "1838"]
[PlyCount "98"]
[EventDate "2013.07.01"]
[EventType "swiss"]
[EventRounds "11"]
[EventCountry "COL"]
[SourceDate "2005.09.12"]

1. e4 c6 2. d4 d5 3. exd5 cxd5 4. Nf3 Nf6 5. Bd3 g6 6. Nc3 Bg7 7. Bf4 a6 8. O-O
Nc6 9. Re1 O-O 10. Qd2 Nb4 11. Be2 Bf5 12. Bd1 Rc8 13. a3 Ne4 14. Nxe4 dxe4 15.
Qxb4 exf3 16. Bxf3 Rxc2 17. Rac1 Qxd4 18. Qxd4 Bxd4 19. Rxc2 Bxc2 20. Bc1 e5
21. Bxb7 a5 22. Re2 Bb3 23. h3 Rb8 24. Be4 f5 25. Bc2 Bc4 26. Re1 Kf7 27. b4
axb4 28. axb4 Rxb4 29. Ba3 Rb6 30. Bc1 Ra6 31. Be3 Bc3 32. Rb1 Ra1 33. Rxa1
Bxa1 34. g3 h5 35. h4 Bc3 36. Ba4 Be2 37. Bb3+ Kg7 38. Bd5 Bd4 39. Bg5 Bc5 40.
Kg2 Bd6 41. Bd2 f4 42. Be4 Kf6 43. Ba5 Be7 44. Bc3 fxg3 45. Kxg3 Bg4 46. f4 Bd6
47. fxe5+ Bxe5+ 48. Bxe5+ Kxe5 49. Bxg6 Kf6 1/2-1/2

[Event "Col Ch "]
[Site "Ibague "]
[Date "2013.07.02"]
[Round "3.83"]
[White "Perez Lombana, Kevin Esteban"]
[Black "Munoz, Alvaro E"]
[Result "0-1"]
[WhiteElo "1439"]
[BlackElo "1739"]
[PlyCount "72"]
[EventDate "2013.07.01"]
[EventType "swiss"]
[EventRounds "11"]
[EventCountry "COL"]
[SourceDate "2005.09.12"]

1. e4 c5 2. Nf3 d6 3. d4 cxd4 4. Nxd4 Nf6 5. Nc3 a6 6. Be3 b5 7. Bd3 Bb7 8. O-O
b4 9. Nce2 Nxe4 10. Bxe4 Bxe4 11. Ng3 Bb7 12. f4 g6 13. f5 Bg7 14. Qd2 Nc6 15.
Nxc6 Bxc6 16. Bd4 Bxd4+ 17. Qxd4 O-O 18. Rf4 Rb8 19. Kh1 Qb6 20. Qd2 g5 21. Rg4
f6 22. Nh5 h6 23. Qe2 Be8 24. Qe6+ Bf7 25. Qxe7 Bxh5 26. Rg3 Rbe8 27. Qd7 Re5
28. h4 Be8 29. Qc8 Bc6 30. Qxf8+ Kxf8 31. hxg5 hxg5 32. Kh2 Rxf5 33. Rh1 Rf4
34. Rh3 Qf2 35. Rh8+ Kg7 36. Rh3 Qxg2# 0-1

[Event "Col Ch "]
[Site "Ibague "]
[Date "2013.07.03"]
[Round "4.1"]
[White "Gallego Alcaraz, Andres Felipe"]
[Black "Barrientos, Sergio E"]
[Result "1/2-1/2"]
[WhiteElo "2414"]
[BlackElo "2476"]
[PlyCount "155"]
[EventDate "2013.07.01"]
[EventType "swiss"]
[EventRounds "11"]
[EventCountry "COL"]
[SourceDate "2005.09.12"]
[WhiteClock "0:00:58"]
[BlackClock "0:01:47"]

1. d4 Nf6 2. c4 e6 3. Nf3 b6 4. a3 Bb7 5. Nc3 d5 6. cxd5 Nxd5 7. e3 g6 8. Bb5+
c6 9. Bd3 Bg7 10. h4 h6 11. e4 Nxc3 12. bxc3 c5 13. Be3 Nc6 14. Qd2 cxd4 15.
cxd4 h5 16. Rd1 O-O 17. Be2 Na5 18. Ng5 Rc8 19. g4 Nc4 20. Bxc4 Rxc4 21. gxh5
Qc8 22. hxg6 fxg6 23. f3 Ba6 24. Rh2 Rd8 25. e5 Rc3 26. Nxe6 Rxe3+ 27. Qxe3
Qxe6 28. h5 gxh5 29. Qg5 Rd7 30. Qxh5 Rf7 31. Rg2 Kf8 32. Qg5 Qd5 33. Rg3 Bb5
34. Kf2 Qa2+ 35. Rd2 Qd5 36. Qe3 Qc4 37. Rd1 Qc2+ 38. Rd2 Qh7 39. Qg5 Qh1 40.
Qd8+ Be8 41. Qd6+ Kg8 42. Qd8 Rf8 43. Qe7 Qh2+ 44. Rg2 Qh6 45. Kg1 Qe3+ 46.
Rdf2 Qc1+ 47. Rf1 Qe3+ 48. Kh1 Qh6+ 49. Rh2 Qf4 50. Rh4 Qf5 51. Kg1 Bh5 52. f4
Rc8 53. d5 Bf7 54. d6 Qg6+ 55. Qg5 Qxg5+ 56. fxg5 Bxe5 57. d7 Rd8 58. Re4 Bd6
59. g6 Bxg6 60. Rg4 Kg7 61. Kh1 Be5 62. Rfg1 Rh8+ 63. Kg2 Kf6 64. Rf1+ Bf5 65.
Rc4 Rg8+ 66. Kh1 Rh8+ 67. Kg2 Rh2+ 68. Kg1 Rd2 69. Rc8 Rxd7 70. Rf8+ Ke6 71.
R8xf5 Rd3 72. R5f3 Rd4 73. Re1 Kd6 74. Rf5 Rg4+ 75. Kf1 Bd4 76. Rd1 Kc6 77. Ke2
Bc5 78. Re1 {"Campeonato Nacional de Ajedrez Mayores ABSOLU} 1/2-1/2

[Event "Col Ch "]
[Site "Ibague "]
[Date "2013.07.03"]
[Round "4.4"]
[White "Ruiz C, Joshua D"]
[Black "Valle, Efrain"]
[Result "1-0"]
[WhiteElo "2409"]
[BlackElo "2229"]
[PlyCount "77"]
[EventDate "2013.07.01"]
[EventType "swiss"]
[EventRounds "11"]
[EventCountry "COL"]
[SourceDate "2005.09.12"]

1. e4 c5 2. Nf3 e6 3. d4 cxd4 4. Nxd4 a6 5. Nc3 Qc7 6. Bd3 Nc6 7. Be3 Nf6 8.
O-O Ne5 9. f4 Nxd3 10. cxd3 d5 11. Rc1 Qa5 12. Nb3 Qd8 13. Bd4 dxe4 14. dxe4
Be7 15. Qf3 Bd7 16. e5 Bc6 17. Qg3 Nh5 18. Qe3 g6 19. Bb6 Qb8 20. Na5 Ng7 21.
Nxc6 bxc6 22. Ne4 Nf5 23. Qf2 h5 24. Bc5 O-O 25. Bxe7 Nxe7 26. Nf6+ Kg7 27. Nd7
Qb7 28. Nxf8 Rxf8 29. b3 Nf5 30. Rfd1 Rc8 31. Qc5 h4 32. Rc3 Qb8 33. Rd7 Rd8
34. Rcd3 Rf8 35. b4 a5 36. Qxa5 c5 37. Rd8 Rxd8 38. Rxd8 Qb7 39. Qa8 1-0

[Event "Col Ch "]
[Site "Ibague "]
[Date "2013.07.03"]
[Round "4.5"]
[White "Martinez Romero, Martin"]
[Black "Munoz, Jhon Edison"]
[Result "1-0"]
[WhiteElo "2402"]
[BlackElo "2214"]
[PlyCount "65"]
[EventDate "2013.07.01"]
[EventType "swiss"]
[EventRounds "11"]
[EventCountry "COL"]
[SourceDate "2005.09.12"]
[WhiteClock "0:24:54"]
[BlackClock "0:28:23"]

1. e4 e5 2. Nf3 Nc6 3. Bb5 a6 4. Ba4 Nf6 5. O-O b5 6. Bb3 Bc5 7. Nxe5 Nxe5 8.
d4 Bxd4 9. Qxd4 d6 10. c3 Bb7 11. f3 O-O 12. Rd1 Re8 13. Bg5 Ned7 14. Nd2 Qb8
15. Nf1 Qa7 16. Qxa7 Rxa7 17. Rac1 Bc6 18. Ne3 h6 19. Bh4 Rb7 20. Nf5 Rbb8 21.
c4 b4 22. Bxf6 gxf6 23. Nxh6+ Kf8 24. Ng4 a5 25. c5 dxc5 26. Rxd7 Bxd7 27. Nxf6
Red8 28. Rxc5 a4 29. Nxd7+ Rxd7 30. Bxa4 Re7 31. Kf2 Rb6 32. h4 Rd6 33. Ke3 1-0

[Event "Col Ch "]
[Site "Ibague "]
[Date "2013.07.03"]
[Round "4.6"]
[White "Zuluaga, Cesar"]
[Black "Gutierrez, Ramon"]
[Result "1/2-1/2"]
[WhiteElo "2402"]
[BlackElo "2207"]
[PlyCount "91"]
[EventDate "2013.07.01"]
[EventType "swiss"]
[EventRounds "11"]
[EventCountry "COL"]
[SourceDate "2005.09.12"]
[WhiteClock "0:08:59"]
[BlackClock "0:27:21"]

1. d4 d5 2. Nf3 Nf6 3. Bf4 e6 4. e3 Bd6 5. Nbd2 Bxf4 6. exf4 Nbd7 7. Bd3 c5 8.
c3 Qb6 9. Qb1 cxd4 10. Nxd4 O-O 11. O-O e5 12. fxe5 Nxe5 13. Bc2 Bd7 14. Re1
Rfe8 15. Bb3 Ng6 16. Nf1 Qd6 17. Ne3 Re4 18. Nf3 Rae8 19. Bc2 Nf4 20. Bxe4 dxe4
21. Nd4 Nd3 22. Re2 g6 23. Rd2 Nh5 24. Rxd3 exd3 25. Qxd3 Nf4 26. Qc4 b5 27.
Qf1 a6 28. Rd1 Qe7 29. Re1 Qf6 30. Nec2 Rd8 31. Re3 Bc8 32. Qe1 Bb7 33. f3 Kg7
34. g3 Nd5 35. Re5 Nb6 36. f4 Rd7 37. Re8 Nc4 38. b3 Nd6 39. Re5 h5 40. Qe3 Nc8
41. Qe1 Ne7 42. Nb4 a5 43. Nbc2 Nc6 44. Rxb5 Rxd4 45. Rxb7 Rd7 46. Rb5 1/2-1/2

[Event "Col Ch "]
[Site "Ibague "]
[Date "2013.07.03"]
[Round "4.8"]
[White "Garavito, Miguel Angel"]
[Black "Munoz, Julian Andres"]
[Result "0-1"]
[WhiteElo "2263"]
[BlackElo "2207"]
[PlyCount "64"]
[EventDate "2013.07.01"]
[EventType "swiss"]
[EventRounds "11"]
[EventCountry "COL"]
[SourceDate "2005.09.12"]
[WhiteClock "0:17:59"]
[BlackClock "0:31:55"]

1. d4 Nf6 2. Nf3 e6 3. c4 d5 4. Nc3 c6 5. Bg5 h6 6. Bxf6 Qxf6 7. e3 Nd7 8. Bd3
g6 9. O-O Bg7 10. e4 dxc4 11. e5 Qe7 12. Bxc4 O-O 13. Qe2 Rd8 14. Rfd1 b5 15.
Bb3 Bb7 16. Rac1 c5 17. Nxb5 Bxf3 18. gxf3 Qg5+ 19. Kf1 cxd4 20. Nc7 Rab8 21.
Bxe6 fxe6 22. Nxe6 Qxe5 23. Nxd8 Rxd8 24. Qc4+ Kh8 25. Re1 Qxh2 26. Qc7 Qh1+
27. Ke2 Qh4 28. Kd3 Qf6 29. f4 h5 30. Rc6 Qf5+ 31. Kd2 Rb8 32. b3 Bh6 0-1

[Event "Col Ch "]
[Site "Ibague "]
[Date "2013.07.03"]
[Round "4.9"]
[White "Ruge, Edison"]
[Black "Rengifo, Jose Ignacio"]
[Result "1-0"]
[WhiteElo "2231"]
[BlackElo "2133"]
[PlyCount "85"]
[EventDate "2013.07.01"]
[EventType "swiss"]
[EventRounds "11"]
[EventCountry "COL"]
[SourceDate "2005.09.12"]
[WhiteClock "0:32:52"]
[BlackClock "0:29:08"]

1. Nf3 Nf6 2. g3 g6 3. Bg2 Bg7 4. O-O O-O 5. d3 d5 6. Nbd2 Re8 7. Re1 c6 8. c3
e5 9. e4 a5 10. exd5 Nxd5 11. Nc4 f6 12. a4 Na6 13. Nfd2 Be6 14. Ne4 Qc7 15.
Qc2 Kh8 16. b3 Rad8 17. Ba3 Rd7 18. Rad1 Red8 19. Nc5 Nxc5 20. Bxc5 Re8 21. d4
b5 22. Ne3 Red8 23. Nxd5 Bxd5 24. Bxd5 Rxd5 25. c4 bxc4 26. bxc4 R5d7 27. dxe5
fxe5 28. Rxd7 Rxd7 29. Rb1 Qc8 30. Qe4 Rb7 31. Rxb7 Qxb7 32. Bd6 Kg8 33. Bxe5
Qe7 34. f4 Qc5+ 35. Kg2 Bxe5 36. fxe5 Kf8 37. Qf4+ Ke8 38. e6 Qa7 39. Qf6 Qe7
40. Qh8+ Qf8 41. Qxh7 Qf6 42. Qd7+ Kf8 43. Qf7+ 1-0

[Event "Col Ch "]
[Site "Ibague "]
[Date "2013.07.03"]
[Round "4.10"]
[White "Diaz Arboleda, Daniel"]
[Black "Lopez Hernandez, Carlos Manuel"]
[Result "1-0"]
[WhiteElo "2110"]
[BlackElo "2320"]
[PlyCount "82"]
[EventDate "2013.07.01"]
[EventType "swiss"]
[EventRounds "11"]
[EventCountry "COL"]
[SourceDate "2005.09.12"]

1. d4 Nf6 2. c4 g6 3. Nf3 Bg7 4. g3 O-O 5. Bg2 d6 6. O-O Nc6 7. Nc3 a6 8. h3
Bd7 9. e4 e5 10. dxe5 dxe5 11. Be3 Be6 12. b3 h6 13. Qxd8 Rfxd8 14. Rfd1 Ne8
15. Nd5 f5 16. exf5 gxf5 17. Nh4 Kf7 18. Rac1 a5 19. Bf3 Kg8 20. g4 f4 21. Bc5
Rd7 22. Nf5 Rad8 23. Re1 Nd6 24. Bxd6 cxd6 25. Be4 Kf7 26. Rcd1 Bxd5 27. Bxd5+
Kf6 28. a3 Ne7 29. Nxg7 Kxg7 30. Be6 Rc7 31. Rxe5 dxe5 32. Rxd8 Nc6 33. Rd7+
Rxd7 34. Bxd7 Nd4 35. b4 axb4 36. axb4 Kf6 37. c5 Nc2 38. b5 Nd4 39. c6 bxc6
40. b6 Ke7 41. b7 Kxd7 1-0